Tottenham Hotspur Top Goalscorers of all time - Statistics

General Stats
  • This quiz has been taken 83 times
  • The average score is 11 of 50
Answer Stats
Name of Player APP Goals % Correct
Harry Kane 435 280
100%
Heung-min Son 405 162
97%
Jermain Defoe 363 143
71%
Jimmy Greaves 258 202
71%
Dele Alli 269 67
67%
Gareth Bale 237 72
64%
Robbie Keane 306 122
62%
Christian Eriksen 305 69
55%
Lucas Moura 221 39
53%
Teddy Sheringham 267 117
52%
Gary Lineker 137 78
48%
Dimitar Berbatov 102 46
39%
Jurgen Klinsmann 68 38
30%
Les Ferdinand 145 38
29%
Chris Jones 151 34
27%
Emmanuel Adebayor 113 42
27%
Darren Anderton 350 47
17%
Glenn Hoddle 405 86
14%
Martin Chivers 262 122
14%
Clive Allen 126 78
11%
Martin Peters 197 53
11%
Steve Archibald 173 71
9%
Alan Gilzean 260 76
8%
Bobby Smith 183 120
8%
Chris Waddle 159 39
8%
Garth Crooks 163 64
8%
Gary Mabbutt 575 36
8%
Paul Gascoigne 111 33
8%
Steffen Iversen 175 45
8%
Steve Perryman 683 31
8%
Chris Armstrong 163 55
6%
Cliff Jones 268 120
6%
John White 183 42
6%
Mark Falco 214 87
5%
Paul Stewart 168 37
5%
Roman Pavlyuchenko 113 42
5%
Terry Medwin 128 41
5%
Erik Lamela 257 37
3%
Graham Roberts 264 32
3%
John Duncan 80 38
3%
Dave Mackay 214 35
2%
John Pratt 304 35
2%
Len Duquemin 115 50
2%
Les Allen 113 43
2%
Terry Dyson 175 51
2%
Alfie Stokes 38 34
0%
Frank Saul 88 32
0%
Les Bennett 107 42
0%
Sonny Walters 115 38
0%
Tommy Harmer 101 31
0%
No matching quizzes found
Score Distribution
Percent of People with Each Score
Percentile by Number Answered
Your Score History
You have not taken this quiz